La Jamaïque pour les touristes... - Statistiques

Statistiques générales
  • Ce quiz a été pris 16 fois
  • Le résultat moyen est 7 sur 20
Statistiques - réponses
Question Indice Réponses % Correct
Quelle est la langue officielle ? Anglais
100%
La conduite se fait à droite ou à gauche ? Gauche
60%
Le principal aéroport est K Kingston
60%
Quelles sont les principaux lieux touristiques ? K Kingston
60%
Combien d'heures (environ) mettrez-vous pour vous y rendre ? (en chiffres) 10
53%
Avez-vous besoin d'un visa ? (oui/non) Non
53%
Achats à faire 1/ CD de Reggae
53%
Dans la capitale quel est le décalage horaire avec Paris ? (+ ou - et chiffre) ex - 10 - 7
47%
Autre langue parlée Espagnol
47%
La vitesse est limitée hors des villes à {110} km/h
40%
Le suffixe internet est jm
40%
Quelles sont les principaux lieux touristiques ? M B Les {Montagnes bleues}
20%
Quelles sont les principaux lieux touristiques ? O {Ocho} Rios
20%
Achats à faire 2/ Chapeau de Rastafari
20%
Quelles sont les principaux lieux touristiques ? S M {Seven Mile} Beach
20%
La religion majoritaire est Catholicisme
13%
Achats à faire 3/ Porte clefs en feuilles de... Ganja
13%
Comment se nomme la principale compagnie aérienne locale F J A Fly Jamaica Airways
0%
Quelle est la monnaie ? Quetzal
0%
Quel est le climat local ? T M Tropical maritime
0%
Aucun quiz correspondant
Distribution des résultats
% des personnes avec chaque résultat
Percentile par nombre de réponses
Votre historique - résultats
Vous n’avez pas pris ce quiz